书目信息 |
| 题名: |
存在与时间读本
|
|
| 作者: | 陈嘉映 | |
| 分册: | ||
| 出版信息: | 上海 生活·读书·新知 三联书店 1999 |
|
| 页数: | 263页 | |
| 开本: | 20cm | |
| 丛书名: | ||
| 单 册: | ||
| 中图分类: | B516.64 | |
| 科图分类: | ||
| 主题词: | 哲学--欧洲 | |
| 电子资源: | ||
| ISBN: | 7-108-01325-8 | |
| 000 | 00523nam0 2200181 450 | |
| 001 | 0728815141 | |
| 005 | 20070819080015.14 | |
| 010 | @a7-108-01325-8@d¥14.50 | |
| 100 | @a20070819d km y0chiy0120 ea | |
| 101 | 0 | @achi |
| 200 | 1 | @a存在与时间读本@Acun zai yu shi jian du ben@f陈嘉映@Fchen jia ying |
| 210 | @a上海@c生活·读书·新知 三联书店@d1999 | |
| 215 | @a263页@d20cm | |
| 606 | 0 | @a哲学@x欧洲 |
| 690 | @aB516.64@v3 | |
| 701 | 0 | @a陈嘉映@Achen jia ying |
| 801 | 0 | @aCN@bPFT@c20070819 |
| 905 | @a213230@dB516.64@eZW171@f1 | |
| 存在与时间读本/陈嘉映.-上海:生活·读书·新知 三联书店,1999 |
| 263页;20cm |
| ISBN 7-108-01325-8:¥14.50 |
| ● |
| 相关链接 |
|
|
|
|
正题名:存在与时间读本
索取号:B516.64/ZW171
 
预约/预借
| 序号 | 登录号 | 条形码 | 馆藏地/架位号 | 状态 | 备注 |
| 1 | 7600300 | 276003003 | 密集书库-文学院/ [索取号:B516.64/ZW171] | 在馆 |